Übungsblatter per mausklick (Record no. 68439)
[ view plain ]
| 000 -LEADER | |
|---|---|
| fixed length control field | 00800 a2200241 4500 |
| 001 - CONTROL NUMBER | |
| control field | 68439 |
| 003 - CONTROL NUMBER IDENTIFIER | |
| control field | TR-AnTOB |
| 005 - DATE AND TIME OF LATEST TRANSACTION | |
| control field | 20200602100616.0 |
| 008 - FIXED-LENGTH DATA ELEMENTS--GENERAL INFORMATION | |
| fixed length control field | 160630s gw 001 0 d |
| 020 ## - INTERNATIONAL STANDARD BOOK NUMBER | |
| International Standard Book Number | 319011630x |
| 040 ## - CATALOGING SOURCE | |
| Original cataloging agency | TR-AnTOB |
| Transcribing agency | TR-AnTOB |
| 041 0# - LANGUAGE CODE | |
| Language code of text/sound track or separate title | Almanca |
| 050 00 - LIBRARY OF CONGRESS CALL NUMBER | |
| Classification number | PF3111 |
| Item number | .Ü28 1999 cd-rom |
| 090 ## - LOCALLY ASSIGNED LC-TYPE CALL NUMBER (OCLC); LOCAL CALL NUMBER (RLIN) | |
| Classification number (OCLC) (R) ; Classification number, CALL (RLIN) (NR) | PF3111 .Ü28 1999 cd-rom |
| 245 00 - TITLE STATEMENT | |
| Title | Übungsblatter per mausklick |
| Remainder of title | Übungsgenerator für Deutsch als fremdsprache. |
| Medium | [computer file]: |
| 260 ## - PUBLICATION, DISTRIBUTION, ETC. | |
| Place of publication, distribution, etc. | Ismaning: |
| Name of publisher, distributor, etc. | Max Hueber Verlag, |
| Date of publication, distribution, etc. | 1999. |
| 300 ## - PHYSICAL DESCRIPTION | |
| Extent | 1 computer optical disk. |
| 538 ## - SYSTEM DETAILS NOTE | |
| System details note | Disc characteristics:CD-ROM. |
| System details note | System requirements: Windows 3.1, Windows 95. |
| 650 #0 - SUBJECT ADDED ENTRY--TOPICAL TERM | |
| Topical term or geographic name entry element | German language |
| General subdivision | Composition and exercises |
| 9 (RLIN) | 40862 |
| Topical term or geographic name entry element | Alman dili |
| General subdivision | Kompozisyon ve alıştırmalar |
| Source of heading or term | etuturkob |
| 9 (RLIN) | 34051 |
| 942 ## - ADDED ENTRY ELEMENTS (KOHA) | |
| Koha item type | VCD |
| Source of classification or shelving scheme | Library of Congress Classification |
| Withdrawn status | Lost status | Source of classification or shelving scheme | Materials specified (bound volume or other part) | Not for loan | Collection code | Home library | Current library | Shelving location | Date acquired | Source of acquisition | Serial Enumeration / chronology | Total Checkouts | Total Holds | Full call number | Barcode | Copy number | Date shelved | Koha item type |
|---|---|---|---|---|---|---|---|---|---|---|---|---|---|---|---|---|---|---|
| Ek. | Ödünç Verilebilir / Available | Müzik CD'si, film ve belgesel | Merkez Kütüphane | Merkez Kütüphane | DVD/VCD Koleksiyonu / Audio Visual | 04/12/2008 | Satın Alma / Purchase | 1 | PF3111 .Ü28 1999 cd-rom | CD00757 | 1 | 21/04/2010 | Compact disc |
